Intertextualidad y movilidad /

Gorde:
Xehetasun bibliografikoak
Egile nagusia: Zumthor, Paul
Formatua: Ezezaguna
Hizkuntza:Spanish
Saila:(Colección Criterios)
Gaiak:
Etiketak: Etiketa erantsi
Etiketarik gabe, Izan zaitez lehena erregistro honi etiketa jartzen!

MARC

LEADER 000000000a22000000004500
001 009160
041 0 |a spa 
100 1 |a Zumthor, Paul 
245 1 0 |a Intertextualidad y movilidad /   |c Zumthor, Paul. 
490 1 |a (Colección Criterios) 
650 4 |a LITERATURA 
650 4 |a HISTORIA Y CRITICA 
650 4 |a INTERTEXTUALIDAD 
773 0 |d La Habana, Cuba : Casa de las Américas  |t Criterios. Revista Internacional de Teoría de la Literatura y las Artes, Estética y Cultorología  |g (1997), páginas 173-181 
942 |c ARC 
999 |c 15064  |d 15064